|
|
|
|
| LEADER |
01583nam a2200421 i 4500 |
| 001 |
000986787 |
| 003 |
CZ BrMZK |
| 005 |
20180910153021.0 |
| 007 |
ta |
| 008 |
010907s1997 gw abcee f 001 0 ger |
| 020 |
|
|
|a 3-87504-126-7
|q (brožováno)
|
| 040 |
|
|
|a BOA001
|b cze
|e rda
|
| 043 |
|
|
|a e-gx---
|
| 072 |
|
7 |
|a 913(4)
|x Geografie Evropy, reálie, cestování
|2 Konspekt
|9 7
|
| 080 |
|
|
|a 913(430.131)
|2 MRF
|
| 080 |
|
|
|a (036)913
|2 MRF
|
| 100 |
1 |
|
|a Beck, Vera
|7 mzk2016905281
|4 aut
|
| 245 |
1 |
0 |
|a Berlin /
|c Textbeiträge: Vera Beck, Marianne Bernhard, Rainer Eisenschmid, Madeleine Reincke, Jörn Trümper
|
| 250 |
|
|
|a 11. Auflage
|
| 264 |
|
1 |
|a [Ostfilden] :
|b Karl Baedeker,
|c 1997
|
| 300 |
|
|
|a 333 stran :
|b barevné ilustrace, mapy, portréty, plány ;
|c 19 cm +
|e 1 plán města
|
| 336 |
|
|
|a text
|b txt
|2 rdacontent
|
| 337 |
|
|
|a bez média
|b n
|2 rdamedia
|
| 338 |
|
|
|a svazek
|b nc
|2 rdacarrier
|
| 490 |
1 |
|
|a Baedeker Allianz Reiseführer
|
| 500 |
|
|
|a Chronologický přehled
|
| 500 |
|
|
|a Obsahuje rejstřík
|
| 651 |
|
7 |
|a Berlín (Německo)
|7 ge128749
|2 czenas
|
| 655 |
|
7 |
|a turistické průvodce
|7 fd133738
|2 czenas
|
| 700 |
1 |
|
|a Bernhard, Marianne,
|d 1936-
|7 mzk2007390681
|4 aut
|
| 700 |
1 |
|
|a Eisenschmid, Rainer
|7 pna2005307288
|4 aut
|
| 700 |
1 |
|
|a Reincke, Madeleine
|7 jn20000601104
|4 aut
|
| 700 |
1 |
|
|a Trümper, Jörn
|4 aut
|
| 830 |
|
0 |
|a Baedeker Allianz Reiseführer
|
| 910 |
|
|
|a BOA001
|b 1-1359.743
|b NK-0002.861
|
| 990 |
|
|
|a BK
|
| 991 |
|
|
|b 201603
|x 44
|z 000013967
|
| 996 |
7 |
|
|b 2610658755
|c 1-1359.743
|l MZK
|r Sklad / do 1 hodiny
|n 2
|p dar
|w 000986787
|u 000020
|a 1
|e BOA001
|j MZK50
|s A
|